00323pab a2200121 454500008004000000100001800040245006400058260000900122300001000131362001000141650002800151773002200179180718b1984 xxu||||| |||| 00| 0 eng d aJeffe, Irving aIndustrial policiesbResponses to a common core of problems c1984 a11-15 aSept. aGovernment and Business aO.E.C.D. Observer